[Event "IND-ch Women 2019"]
[Site "Karaikkudi"]
[Date "2019.07.27"]
[Round "11.9"]
[White "Chitlange Sakshi"]
[Black "Jyothsna L"]
[Result "1-0"]
[WhiteElo "2168"]
[BlackElo "1939"]
[Annotator "TA"]
[PlyCount "113"]
[EventDate "2019.07.19"]
[EventType "swiss"]
[EventCountry "IND"]
[SourceTitle "playchess.com"]
[Source "ChessBase"]
[SourceQuality "1"]

{[%evp 9,113,17,16,9,17,8,30,30,30,30,25,18,35,36,48,46,46,47,46,49,54,48,62,65,73,59,81,73,66,0,37,0,23,4,4,0,0,-11,0,-7,0,0,26,0,0,0,0,0,0,0,0,0,0,0,0,-20,-28,-28,-24,-35,-21,-11,20,22,16,15,73,68,92,93,100,92,95,86,124,90,90,94,145,143,141,122,157,152,250,234,231,220,731,739,1341,669,1412,1389,1266,1083,1140,965,1484,1466,1437,1411,1357,1030,1875,1569]} 1. d4 d5 2. Bf4 Nf6 3. e3 c5 4. Nd2 (4. c3 Nc6 5. Nd2 Qb6 6. Qb3 Nh5 7. Qxb6 axb6 8. Bc7 cxd4 9. exd4 e5 10. Bxe5 Nxe5 11. dxe5 Bc5 12. g3 O-O {1-0 (76) Aronian,L (2765)-Caruana,F (2832) London 2018}) 4... cxd4 5. exd4 Nc6 6. c3 {D00: 1 d4 d5: Unusual lines} Bf5 7. Qb3 Qb6 (7... Qd7 {feels hotter.} 8. Ngf3 a6 9. Be2 e6 10. Nh4 Bd6) 8. Qxb6 {White has an edge.} axb6 9. Ngf3 e6 10. Nh4 Bc2 11. Rc1 Bg6 12. Nxg6 $146 ({Predecessor:} 12. a3 Be7 {1-0 (40) Filipets,E (2293)-Tadic,S (2163) Belgrade 2019}) 12... hxg6 13. a3 Kd7 14. h3 Bd6 15. Bg5 Rh5 16. Be3 Rhh8 17. Be2 Rhc8 18. g4 Na5 19. Bf3 (19. Bb5+ $14 Ke7 20. O-O) 19... Be7 20. Ke2 Ne8 21. Rcg1 g5 22. Bg2 Nd6 23. Nf3 Nac4 24. Bc1 Rh8 25. Ne1 Na5 26. Nf3 Nac4 27. Nd2 ({But not} 27. Nxg5 Bxg5 28. Bxg5 Nxb2 $17) 27... Nxd2 28. Kxd2 g6 29. Kc2 Raf8 30. f4 gxf4 31. Bxf4 g5 32. Bc1 Ne4 33. Re1 Nf2 34. Rhf1 Nxh3 35. c4 Nf4 36. Bxf4 gxf4 37. cxd5 Rh2 {[#]} (37... Bd6 $11 {remains equal.}) 38. Re2 $1 $16 Bg5 39. dxe6+ Kd6 40. exf7 Rxf7 41. Kd3 Rfh7 42. Bf3 Rxe2 43. Bxe2 {[%mdl 4096] Endgame KRB-KRB} Rh3+ ({Black should play} 43... Re7) 44. Bf3 Rh2 45. Kc3 Kc7 46. Rh1 Rxh1 (46... Rf2 $16) 47. Bxh1 {KB-KB} b5 48. Kd3 b6 $2 {[#]} (48... Bh4 49. Ke4 Kd6) 49. Ke4 $18 {White is clearly winning.} Bf6 50. Bf3 (50. b3 $142 Kd7 51. Bf3 (51. Kxf4 Bxd4 52. Be4 Bb2 $16)) 50... Kd6 51. b3 Bg7 52. Be2 Kc6 53. g5 Bh8 54. Bf3 Kd6 55. d5 Bb2 56. a4 bxa4 57. bxa4 {Accuracy: White = 67%, Black = 41%.} 1-0

[Event "IND-ch Women 2019"]
[Site "Karaikkudi"]
[Date "2019.07.27"]
[Round "11.10"]
[White "Bakshi, Rutuja"]
[Black "Soumya, Swaminathan"]
[Result "1/2-1/2"]
[WhiteElo "1958"]
[BlackElo "2402"]
[Annotator "TA"]
[PlyCount "102"]
[EventDate "2019.07.19"]
[EventType "swiss"]
[EventCountry "IND"]
[SourceTitle "playchess.com"]
[Source "ChessBase"]
[SourceQuality "1"]

{[%evp 13,102,27,29,39,23,0,18,14,20,1,26,22,28,23,28,15,41,28,33,0,22,-6,5,-5,0,0,0,0,0,0,0,0,0,0,0,0,0,0,0,0,0,-4,0,0,0,0,0,0,0,0,-2,-2,0,0,0,0,0,0,0,0,0,0,0,0,0,0,0,0,0,0,0,0,0,0,0,0,0,0,0,0,0,0,0,0,0,0,0,0,0,0,0]} 1. Nf3 d5 2. c4 d4 3. d3 Nc6 4. g3 e5 5. Bg2 Nf6 6. O-O Be7 7. b4 Nxb4 8. Nxe5 {A09: Réti Opening: 1 Nf3 d5 2 c4} O-O 9. Na3 {[%cal Bb1a3,Ba3c2,Bc2e3][%mdl 32]} (9. Bb2 c5 10. a3 Na6 11. Nd2 Nc7 12. e3 Ne6 13. Nb3 dxe3 14. fxe3 a5 15. Qe2 a4 {0-1 (53) Fridman,D (2633)-Warakomski,T (2537) Katowice 2017}) 9... Bd6 10. Nf3 c5 11. Nc2 Nc6 12. e3 $146 {[%cal Re3d4]} ({Predecessor:} 12. Rb1 b6 13. Nfxd4 Bb7 14. Nxc6 Bxc6 15. Bxc6 Rc8 {1-0 (31) Alvarez,A-Bellomo,F (2205) Cordoba 1991}) 12... dxe3 13. Nxe3 Re8 14. Bb2 Ne5 15. Nxe5 Bxe5 16. Rb1 Rb8 {The position is equal.} 17. Nd5 Nxd5 18. Bxd5 Bxb2 19. Rxb2 b6 20. Re2 Bb7 21. Rxe8+ Qxe8 22. Re1 Qd7 23. Bxb7 Qxb7 $11 {[%mdl 4096] Endgame KQR-KQR} 24. d4 cxd4 25. Qxd4 Qc7 26. Qe5 Qxe5 27. Rxe5 {KR-KR} Kf8 28. c5 b5 29. c6 a6 30. c7 {[%cal Rc7b8] [#]} Rc8 31. Rc5 Ke7 32. Rc6 $1 a5 33. Rc5 b4 34. Rxa5 Rxc7 35. Rb5 Rc4 36. Rb7+ Ke6 37. Kg2 g5 38. Kf3 h5 39. Ke3 g4 40. Kd3 Rc3+ 41. Kd2 Ra3 42. Rxb4 Rxa2+ 43. Ke3 Ra3+ 44. Ke2 Ra1 45. h4 f5 46. Rb6+ Ke5 47. Rb5+ Ke4 48. Rb4+ Ke5 49. Rb5+ Ke4 50. Rb4+ Ke5 51. Rb5+ Ke4 {Accuracy: White = 76%, Black = 66%.} 1/2-1/2

[Event "IND-ch Women 2019"]
[Site "Karaikkudi"]
[Date "2019.07.27"]
[Round "11.11"]
[White "Toshali, V."]
[Black "Vijayalakshmi, Subbaraman"]
[Result "0-1"]
[WhiteElo "1920"]
[BlackElo "2357"]
[Annotator "TA"]
[PlyCount "92"]
[EventDate "2019.07.19"]
[EventType "swiss"]
[EventCountry "IND"]
[SourceTitle "playchess.com"]
[Source "ChessBase"]
[SourceQuality "1"]

{[%evp 21,92,5,14,7,12,0,18,18,20,8,32,0,0,0,0,0,5,0,0,0,27,19,52,19,19,19,40,19,65,0,53,25,44,45,18,0,0,0,0,0,0,0,0,-307,-118,-509,-487,-876,-800,-989,-989,-931,-908,-985,-975,-1096,-904,-888,-868,-862,-866,-1490,-850,-1625,-1652,-1530,-1524,-1450,-1459,-1464,-1456,-1297,-1300]} 1. d4 Nf6 2. Nf3 b6 3. Bf4 Bb7 4. e3 g6 5. Nbd2 Bg7 6. h3 c5 7. c3 O-O 8. Be2 d6 9. O-O Nbd7 10. a4 a6 11. Bh2 Re8 12. Qb3 {A48: 1 d4 Nf6 2 Nf3 g6: Torre, London and Colle Systems} d5 (12... h6 13. Rfd1 Rb8 14. Nc4 b5 15. axb5 axb5 16. Na5 Bd5 17. Qc2 Be4 18. Qc1 Ra8 19. b4 cxb4 20. cxb4 {0-1 (38) Melkumyan,H (2654)-Mamedov,R (2650) Minsk 2015}) 13. Ne5 c4 14. Qc2 {The position is equal.} b5 $146 ({Predecessor:} 14... Nxe5 15. Bxe5 Nd7 16. Bxg7 Kxg7 17. f4 f5 18. g4 e6 19. Kg2 Qe7 20. g5 h5 21. gxh6+ Kxh6 22. Nf3 {1-0 (22) Djoric,H (2080)-Kalcic,K (2112) Kragujevac 2018}) 15. f4 Nb6 {[%cal Bd7b6,Bb6c8,Bc8d6][%mdl 32]} 16. a5 Nc8 17. f5 Nd6 18. fxg6 hxg6 19. g4 Nfe4 20. Nxe4 dxe4 (20... Bxe5 $5 21. Ng5 Bf6 $11) 21. Bd1 Bd5 22. Qf2 g5 {Strongly threatening ...f6.} 23. h4 f6 24. Ng6 Bf7 25. Ne5 ({Better is} 25. Bxd6 $14 Qxd6 26. h5) 25... Be6 (25... Bd5 $11 26. Ng6 Nf7) 26. hxg5 {Black must now prevent g6.} fxe5 27. Qh4 $1 {Intending g6 and mate.} Rf8 28. Bc2 {Threatens to win with g6.} exd4 {aiming for ...d3.} 29. Bxd6 d3 $36 {[%mdl 2048] White is under pressure.} ({Don't blunder} 29... exd6 $2 30. Bxe4 Rf7 31. Qh7+ (31. cxd4 Kf8 $16) 31... Kf8 32. g6 $18) 30. g6 {[%csl Gg6][%cal Rh4h7]} Rf6 31. Rxf6 $1 Bxf6 32. Qh7+ (32. g5 $1 $11 Qxd6 33. gxf6 exf6 34. Qh7+ Kf8 35. g7+ {[%mdl 64] Discovered Attack} Ke8 36. Qxe4 Qg3+ 37. Kh1 Qh3+ 38. Kg1 Qg3+ 39. Kh1 Qh3+ 40. Kg1 Qg3+) 32... Kf8 $17 33. Rf1 $2 {[%mdl 8192]} (33. g7+ $17 {was the crucial defense.} Bxg7 34. Rf1+ Ke8 35. Bb4 dxc2 36. Qxg7) 33... Qxd6 $19 {Black is clearly winning.} 34. Qh8+ (34. g7+ $142 Ke8 35. Bxd3) 34... Bg8 35. g7+ Kf7 36. Bd1 Qg3+ {[%mdl 64] [#] Double Attack} 37. Kh1 Ke6 38. Qh5 Bxg7 39. Qg6+ Bf6 40. Qxe4+ Be5 {[%csl Ge5][%cal Rg3h2]} 41. Qc6+ Bd6 {[%csl Gd6][%cal Rg3h2]} 42. Qe4+ Kd7 {[%csl Gd6][%cal Rg3h2]} 43. Qb7+ Bc7 {[%csl Gc7][%cal Rg3h2]} 44. Rf4 Qh3+ 45. Kg1 Qxe3+ {[%mdl 64] [#] Double Attack} 46. Rf2 Rf8 {Accuracy: White = 34%, Black = 81%.} 0-1

[Event "IND-ch Women 2019"]
[Site "Karaikkudi"]
[Date "2019.07.27"]
[Round "11.12"]
[White "Sanskriti Goyal"]
[Black "Swati Ghate"]
[Result "0-1"]
[WhiteElo "1948"]
[BlackElo "2192"]
[Annotator "TA"]
[PlyCount "82"]
[EventDate "2019.07.19"]
[EventType "swiss"]
[EventCountry "IND"]
[SourceTitle "playchess.com"]
[Source "ChessBase"]
[SourceQuality "1"]

{[%evp 10,94,28,22,26,31,20,18,21,30,33,26,84,12,35,39,35,28,42,23,22,36,87,41,35,43,58,43,50,24,29,0,0,0,0,0,14,14,0,-46,32,25,11,3,47,0,33,0,0,0,0,0,0,0,0,0,0,-45,0,-47,0,0,0,0,0,0,10,9,34,36,123,-33,-38,-1206,-1191,-4610,-2440,-29966,-29968,-29970,-29971,-29960,-1058,-29966,-5724,-29980,-4727]} 1. d4 Nf6 2. c4 b6 3. Nc3 Bb7 4. Qc2 d5 5. cxd5 Nxd5 6. e4 Nxc3 {A50: Queen's Fianchetto Defence (1 d4 Nf6 2 c4 b6)} 7. bxc3 e6 (7... e5 8. Nf3 Nd7 9. Bc4 Bd6 10. Ng5 O-O 11. O-O Be7 12. f4 Bxg5 13. fxg5 Qe7 14. Bd3 exd4 15. cxd4 {½-½ (38) Le,Q (2737)-Iturrizaga Bonelli,E (2650) chess.com INT 2018}) 8. Nf3 Be7 {The position is equal.} 9. Bd3 c5 10. O-O O-O (10... cxd4 $11 11. Bb5+ (11. cxd4 O-O $11) (11. Nxd4 Nd7 $11) 11... Bc6 12. Bxc6+ Nxc6) 11. Rd1 (11. d5 $1 $16) 11... Qc7 $146 ({Predecessor:} 11... cxd4 12. cxd4 Nd7 13. Bf4 h6 14. Rac1 Ba3 15. Rb1 Nf6 16. Qb3 Be7 17. Re1 Qd7 {0-1 (47) Kurochkina,E (1812)-Mende,H (1730) Dresden 2013}) 12. Qe2 Nd7 13. e5 h6 14. Bf4 Rfd8 15. Nd2 Bf8 (15... Qc6 $14 16. Be4 Qc7) 16. Ne4 c4 $1 {[%cal Rc4d3]} 17. Bc2 f5 18. Nd6 Bd5 $1 19. Qh5 {aiming for Qf7+.} Nf6 20. exf6 (20. Qh3 $5 {[%cal Rd6f5]}) 20... Bxd6 21. Bxd6 Rxd6 22. Re1 Rf8 23. fxg7 $1 Qxg7 {[%csl Gd5][%cal Rg7g2]} 24. Qh3 {[#]} Rf6 ({Black should play} 24... e5 $1 $15 {[%mdl 512]} 25. Re3 (25. dxe5 $2 Bxg2 26. Qg3 Rg6 $17) 25... Rg6) 25. Re3 $14 Rg6 26. Rg3 Rg5 27. Re1 (27. a4 {looks sharper.} Rxg3 28. hxg3 Rd7 29. Re1 Qg5 30. f4) 27... Rxg3 (27... b5 {keeps more tension.} 28. Ree3 Qf6 29. Rxg5+ hxg5 30. g4 Ra6) 28. Qxg3 (28. hxg3 {with more complications.} b5 29. Rb1 Rb6 30. Qh5 b4 31. cxb4 Rb7 32. a3) 28... Qxg3 29. hxg3 $11 {[%mdl 4096] Endgame KRB-KRB} b5 30. a3 Ra6 31. Ra1 $1 Kf7 32. Bd1 Ke7 33. g4 Kf6 34. f4 Be4 35. Kf2 b4 36. cxb4 c3 37. Bf3 Bxf3 38. gxf3 fxg4 39. fxg4 {KR-KR} h5 (39... c2 $14) 40. Kg3 $2 (40. gxh5 $16 {Threatens to win with Ke2.} c2 41. Rc1) 40... c2 $15 {White must now prevent ...Rxa3+!} 41. Kh4 $2 {[%mdl 8192] [#]} (41. a4 $15) 41... hxg4 {Played: Ra6xa3} 0-1

[Event "IND-ch Women 2019"]
[Site "Karaikkudi"]
[Date "2019.07.27"]
[Round "11.13"]
[White "Sharma Isha"]
[Black "Pandey Srishti"]
[Result "1-0"]
[WhiteElo "2188"]
[BlackElo "1882"]
[Annotator "TA"]
[PlyCount "151"]
[EventDate "2019.07.19"]
[EventType "swiss"]
[EventCountry "IND"]
[SourceTitle "playchess.com"]
[Source "ChessBase"]
[SourceQuality "1"]

{[%evp 11,151,33,60,24,32,23,33,15,39,49,49,43,49,49,52,52,52,46,60,56,64,32,39,32,31,27,40,18,50,38,40,29,37,31,42,15,69,53,71,47,77,66,70,69,69,69,80,85,102,102,102,107,105,73,83,62,69,-48,-49,-55,66,42,45,43,70,67,85,60,60,76,82,69,70,77,99,106,151,141,139,121,146,147,236,181,290,281,308,325,304,308,295,264,244,221,237,241,237,225,243,222,235,271,259,259,359,358,342,353,361,350,353,345,350,353,336,339,337,300,255,230,338,347,455,451,820,863,814,764,1160,1083,1324,1302,2267,2217,29997,29988,29993,29982,29982,29983,29987,29988]} 1. e4 d5 2. exd5 Nf6 3. Nf3 Qxd5 4. Nc3 Qd6 5. d4 a6 6. g3 Bg4 7. Bg2 {B01: Scandinavian Defence} Nc6 $1 (7... c6 8. O-O e6 9. Bf4 Qd8 10. h3 Bxf3 11. Qxf3 Bd6 12. Be5 Be7 13. g4 Nbd7 14. Bg3 O-O {½-½ (65) Pourramezanali,A (2529)-Tiviakov,S (2610) Bandar e Anzali 2019}) 8. Bf4 Qe6+ 9. Ne2 {White is slightly better.} (9. Be3 $5 {[%cal Rd4d5]} Rd8 10. O-O $14) 9... Qe4 10. Nh4 Qxe2+ (10... Qe6 11. d5 $16) 11. Qxe2 Bxe2 12. Bxc6+ $1 ({Reject} 12. Kxe2 Nxd4+ 13. Kf1 c6 $15) 12... bxc6 13. Kxe2 Nd5 14. Bd2 e6 $146 ({Predecessor:} 14... Nb6) 15. c4 Nf6 16. c5 Nd5 17. Nf3 f6 18. Rhe1 Kd7 19. Rac1 Be7 20. Rc4 g5 21. Rec1 g4 22. Ne1 h5 23. Nd3 Rhe8 (23... h4 $11) 24. Ra4 Bf8 25. Rcc4 Ra7 26. Ra3 Kc8 27. Kf1 Bg7 28. Kg2 f5 29. Bf4 Rd8 30. Be5 Bh6 31. Rca4 Kb7 32. Ne1 Rda8 33. Nc2 Kc8 34. Na1 (34. Rb3 $14) 34... Bc1 $1 $15 {[%cal Rc1b2]} 35. Rb3 Kd7 (35... Rb7 $15) 36. Rc4 Bh6 37. Nc2 Bd2 38. f4 gxf3+ 39. Kxf3 ({But not} 39. Rxf3 $6 Rb8 $11) 39... Bg5 40. Na3 f4 41. Ra4 fxg3 42. hxg3 Bh6 43. Nc4 Rg8 {[#]} 44. Rba3 $1 Rga8 45. Kg2 Ne7 46. Bf6 Ng6 (46... Nd5 $16) 47. Kh3 Bf8 (47... Rf8 {was worth a try.}) 48. Rf3 $18 Re8 49. Bg5 Be7 50. Rf7 Kc8 51. Bxe7 Nxe7 52. Ne5 Ra8 53. Rh7 a5 54. Rxh5 Kb7 55. Rh7 Rh8 56. Rxh8 Rxh8+ {[%mdl 4096] Endgame KRN-KRN} 57. Kg2 Nf5 58. g4 ({Weaker is} 58. Rxa5 Rg8 $18) 58... Ne3+ 59. Kf3 Rh3+ 60. Ke2 Nd5 61. Rxa5 Rh2+ 62. Kf3 Rxb2 63. Ra3 Rh2 {[#] And now ...Rh3+ would win.} 64. Kg3 Rd2 65. Nf3 Rd1 (65... Re2 {was called for.} 66. g5 Ne7) 66. g5 Ne7 67. Kf4 Nf5 (67... Ng6+ $142 68. Kg4 Nf8) 68. Ke5 Rf1 69. g6 Rf2 70. Kxe6 Nh6 71. Kd7 Rg2 72. Ne5 Nf5 73. Ra4 {White mates.} Rd2 74. Rb4+ Ka6 75. Kxc7 Nxd4 76. Rxd4 {[%mdl 64] Promotion. Accuracy: White = 66%, Black = 45%.} 1-0

[Event "IND-ch Women 2019"]
[Site "Karaikkudi"]
[Date "2019.07.27"]
[Round "11.14"]
[White "Jain Nityata"]
[Black "Nandhini, Saripalli"]
[Result "1-0"]
[WhiteElo "2135"]
[BlackElo "1933"]
[Annotator "TA"]
[PlyCount "63"]
[EventDate "2019.07.19"]
[EventType "swiss"]
[EventCountry "IND"]
[SourceTitle "playchess.com"]
[Source "ChessBase"]
[SourceQuality "1"]

{[%evp 20,62,8,5,9,2,17,-10,-8,-7,0,-8,-7,-7,-12,-4,0,0,0,-5,-7,-11,43,36,57,72,58,76,95,93,97,105,131,131,135,135,136,130,29995,29996,29996,29997,29997,29998,29999]} 1. e4 c6 2. d4 d5 3. Nc3 dxe4 4. Nxe4 Bf5 5. Ng3 Bg6 6. h4 h6 7. Nf3 Nd7 8. h5 Bh7 9. Bd3 Bxd3 10. Qxd3 e6 11. Bf4 Qa5+ {B19: Classical Caro-Kann: 4...Bf5 main line} 12. Bd2 Bb4 13. c3 Be7 {The position is equal.} 14. c4 Qc7 15. O-O-O (15. d5 cxd5 16. cxd5 Qd6 17. Qb5 Ngf6 18. dxe6 Qxe6+ 19. Kf1 {1-0 (64) Kokarev,D (2622)-Rozum,I (2586) Khanty-Mansiysk 2017}) 15... Ngf6 16. Ne4 b5 17. Nxf6+ Nxf6 18. Kb1 bxc4 19. Qxc4 O-O 20. Rc1 Rfb8 $146 (20... Rac8 $11) ({Predecessor:} 20... Rfc8 21. g4 Ne4 22. Be3 Qb7 23. Rhd1 Rab8 24. Rc2 c5 25. d5 exd5 {0-1 (25) Britton,R (2229)-Swapnil,S (2409) Hastings 2010}) 21. Qxc6 $14 Qxc6 22. Rxc6 Rb5 23. Ne5 Rd8 24. Be3 Nd5 25. Rhc1 Bf6 {[#]} 26. Rc8 $1 Rb8 27. Rxb8 Rxb8 28. Nd7 Rb7 $2 {[%mdl 8192]} (28... Rd8 $16) 29. Rc8+ {White mates.} Kh7 30. Nf8+ Kg8 31. Ng6+ Kh7 32. Rh8# {Accuracy: White = 88%, Black = 38%.} 1-0

[Event "IND-ch Women 2019"]
[Site "Karaikkudi"]
[Date "2019.07.27"]
[Round "11.15"]
[White "Dhyana Patel"]
[Black "Thipsay, Bagyashree Sathe"]
[Result "1/2-1/2"]
[WhiteElo "1900"]
[BlackElo "2093"]
[Annotator "NA RC"]
[PlyCount "90"]
[EventDate "2019.07.19"]
[EventType "swiss"]
[EventCountry "IND"]
[SourceTitle "playchess.com"]
[Source "ChessBase"]
[SourceQuality "1"]
[TimeControl "40/5400+30:1800+30"]

1. e4 {[%emt 0:00:00]} c6 {[%emt 0:00:00]} 2. d4 {[%emt 0:00:00]} d5 {[%emt 0:00:00]} 3. Nd2 {[%emt 0:00:04]} dxe4 {[%emt 0:00:00]} 4. Nxe4 {[%emt 0:00:07]} Bf5 {[%emt 0:00:00]} 5. Ng3 {[%emt 0:00:28]} Bg6 {[%emt 0:00:00]} 6. h4 {[%emt 0:00:31]} h6 {[%emt 0:00:00]} 7. Nf3 {[%emt 0:00:05]} Nd7 {[%emt 0:00:03]} 8. h5 {[%emt 0:00:20]} Bh7 {[%emt 0:00:05]} 9. Bd3 {[%emt 0:00:05]} Bxd3 {[%emt 0:00:04]} 10. Qxd3 {[%emt 0:00:07]} Ngf6 {[%emt 0:00:11]} 11. Bd2 {[%emt 0:00:13]} e6 {[%emt 0:00:05]} 12. O-O-O {[%emt 0:00:13]} Be7 {[%emt 0:00:06]} 13. Ne4 {[%emt 0:00:28]} Qb6 {[%emt 0:03:02]} 14. Nxf6+ {[%emt 0:09:25]} Bxf6 {[%emt 0:00:23]} 15. c4 {[%emt 0:00:38]} a5 {[%emt 0:11:14]} 16. Bc3 {[%emt 0:02:31]} Qa6 $11 {[%emt 0:02:18]} 17. Ne5 {[%emt 0:05:33]} Nb6 {[%emt 0:06:43]} 18. c5 {[%emt 0:04:51]} Qxd3 {[%emt 0:07:52]} 19. Rxd3 {[%emt 0:01:01]} Nd5 {[%emt 0:00:07]} 20. Bd2 {[%emt 0:01:24]} Ke7 {[%emt 0:02:19]} 21. Nc4 {[%emt 0:01:23]} a4 {[%emt 0:09:55]} 22. f4 {[%emt 0:00:36]} Nc7 {[%emt 0:02:04]} 23. Re1 {[%emt 0:02:13]} Nb5 {[%emt 0:01:15]} 24. Nb6 {[%emt 0:01:20]} Rad8 {[%emt 0:01:00]} 25. d5 {[%emt 0:00:37]} cxd5 {[%emt 0:01:01]} 26. Rxd5 {[%emt 0:01:29]} Rxd5 {[%emt 0:01:25]} 27. Nxd5+ {[%emt 0:00:06]} Kd7 {[%emt 0:00:06]} 28. Nb6+ {[%emt 0:02:08]} Kc6 {[%emt 0:03:23]} 29. Nxa4 {[%emt 0:04:38]} Ra8 {[%emt 0:00:05]} 30. b3 {[%emt 0:00:05]} Rd8 {[%emt 0:00:04]} 31. Be3 {[%emt 0:02:24]} Rd5 {[%emt 0:01:23]} 32. g4 {[%emt 0:00:49]} Bd4 {[%emt 0:00:38]} 33. Bxd4 {[%emt 0:04:34]} Rxd4 {[%emt 0:00:03]} 34. Rf1 {[%emt 0:00:12]} Nc7 {[%emt 0:02:01]} 35. g5 {[%emt 0:02:15]} Nd5 {[%emt 0:02:24]} 36. f5 {[%emt 0:02:17]} hxg5 {[%emt 0:05:55]} 37. fxe6 {[%emt 0:00:48]} fxe6 {[%emt 0:00:18]} 38. Rf7 {[%emt 0:00:39]} Rh4 {[%emt 0:00:22]} 39. Rxg7 {[%emt 0:00:25]} Rxh5 {[%emt 0:01:17]} 40. Rg8 {[%emt 0:00:00]} Rh2 {[%emt 0:00:00]} 41. Rxg5 {[%emt 0:03:40]} Rxa2 {[%emt 0:07:52]} 42. Re5 {[%emt 0:02:50]} Kd7 {[%emt 0:06:55]} 43. Re4 {[%emt 0:00:27]} Ke7 {[%emt 0:01:39]} 44. Rc4 {[%emt 0:02:16]} e5 {[%emt 0:04:03]} 45. c6 {[%emt 0:01:16]} bxc6 {[%emt 0:01:21]} 1/2-1/2

[Event "IND-ch Women 2019"]
[Site "Karaikkudi"]
[Date "2019.07.27"]
[Round "11.16"]
[White "Kiran, Manisha Mohanty"]
[Black "Singh, Neha"]
[Result "1/2-1/2"]
[WhiteElo "2054"]
[BlackElo "1809"]
[Annotator "NA RC"]
[PlyCount "80"]
[EventDate "2019.07.19"]
[EventType "swiss"]
[EventCountry "IND"]
[SourceTitle "playchess.com"]
[Source "ChessBase"]
[SourceQuality "1"]
[TimeControl "40/5400+30:1800+30"]

1. e4 {[%emt 0:00:00]} e5 {[%emt 0:00:00]} 2. Nf3 {[%emt 0:00:00]} Nc6 {[%emt 0:00:00]} 3. Bb5 {[%emt 0:00:03]} a6 {[%emt 0:00:00]} 4. Ba4 {[%emt 0:00:12]} Nf6 {[%emt 0:00:00]} 5. O-O {[%emt 0:00:07]} b5 {[%emt 0:00:51]} 6. Bb3 {[%emt 0:00:05]} Be7 {[%emt 0:00:07]} 7. Re1 {[%emt 0:00:04]} d6 {[%emt 0:00:16]} 8. a4 {[%emt 0:00:06]} Bb7 {[%emt 0:01:00]} 9. d3 {[%emt 0:00:06]} O-O {[%emt 0:00:06]} 10. Nbd2 {[%emt 0:00:05]} Nd7 {[%emt 0:07:14]} 11. c3 {[%emt 0:00:26]} Nc5 {[%emt 0:01:02]} 12. Bc2 {[%emt 0:00:02]} Bf6 {[%emt 0:03:07]} 13. a5 {[%emt 0:00:47]} g6 {[%emt 0:09:53]} 14. Nf1 {[%emt 0:00:10]} Ne6 {[%emt 0:02:32]} 15. Bb3 {[%emt 0:01:23]} Qd7 {[%emt 0:03:06]} (15... Bg7 $14) 16. Bh6 $16 {[%emt 0:01:30]} Rfe8 {[%emt 0:05:08]} 17. Ne3 {[%emt 0:01:18]} Bg7 {[%emt 0:05:04]} 18. Bxg7 {[%emt 0:01:56]} Kxg7 {[%emt 0:03:13]} 19. g3 {[%emt 0:00:13]} Ne7 {[%emt 0:02:34]} 20. Nh4 {[%emt 0:02:15]} Ng5 {[%emt 0:05:02]} 21. Qg4 {[%emt 0:12:16]} Qxg4 {[%emt 0:01:00]} 22. Nxg4 {[%emt 0:00:02]} f5 {[%emt 0:00:59]} 23. exf5 {[%emt 0:01:33]} Nxf5 {[%emt 0:01:18]} 24. Bd1 {[%emt 0:01:58]} Nxh4 {[%emt 0:02:34]} 25. gxh4 {[%emt 0:00:07]} Nh3+ {[%emt 0:00:44]} 26. Kf1 {[%emt 0:00:11]} Rf8 {[%emt 0:00:29]} 27. Re3 {[%emt 0:00:25]} Nf4 {[%emt 0:02:45]} 28. f3 {[%emt 0:02:28]} Rf5 {[%emt 0:02:49]} 29. c4 {[%emt 0:06:04]} bxc4 {[%emt 0:03:49]} 30. dxc4 {[%emt 0:00:03]} Ne6 {[%emt 0:00:35]} 31. Kg2 {[%emt 0:03:33]} Nd4 {[%emt 0:00:15]} 32. Nf2 {[%emt 0:00:48]} Raf8 {[%emt 0:00:41]} 33. Raa3 {[%emt 0:00:10]} Rf4 {[%emt 0:00:36]} 34. b4 {[%emt 0:02:45]} Nf5 {[%emt 0:00:42]} 35. Rec3 {[%emt 0:00:18]} Nxh4+ {[%emt 0:00:07]} 36. Kg3 {[%emt 0:00:21]} Nf5+ {[%emt 0:07:03]} 37. Kg2 {[%emt 0:00:11]} Nh4+ {[%emt 0:06:33]} 38. Kg3 {[%emt 0:00:05]} Nf5+ {[%emt 0:25:46]} 39. Kg2 {[%emt 1:05:24]} Rd4 {[%emt 0:00:30]} 40. b5 {[%emt 0:00:00]} Rd2 {[%emt 0:00:00]} 1/2-1/2